Normal view
MARC view
Entry Topical Term
001 - CONTROL NUMBER
- control field: 20943
003 - CONTROL NUMBER IDENTIFIER
- control field: OSt
005 - DATE AND TIME OF LATEST TRANSACTION
- control field: 20230228194205.0
008 - FIXED-LENGTH DATA ELEMENTS
- fixed length control field: 230228|| aca||aabn | a|a d
040 ## - CATALOGING SOURCE
- Original cataloging agency: OSt
- Transcribing agency: OSt
150 ## - HEADING--TOPICAL TERM
- Topical term or geographic name entry element: ထေရုပ်ႉပတ်ႉတိ
670 ## - SOURCE DATA FOUND
- Source citation: Work cat.: (OSt): ထၢင်ႇလဵၵ်ႉသမ်ႉယႂ်ႇလႄႈမၢႆတွင်းပွႆးယွင်ႈၵုင်ႇၸဝ်ႈႁပ်ႉလႆႈၸုမ်ႈၶူး B.A သွင်ၸဝ်ႈ, 2017